000 01111nam a2200337 a 4500
001 000114373
003 CHAP
005 20220329144438.0
008 180116s1979 mx |r| |||1|||spa d
010 _a110834
011 _a111806
040 _cCHAP
082 0 4 _a320.150972
_bL92
100 1 _aLópez Portillo, José
_968242
245 1 0 _aSoberanía nacional y anticolonialismo /
_cpor José López Portillo.
250 _a2 ed.
260 _aMéxico :
_bSecretaría de Programación y Presupuesto. Dirección General de Documentación y Análisis,
_c1979.
300 _a65 p.
490 1 _aCuadernos de filosofía política
_v1
590 _aE6096MTM
_b05
_c20180116
_lUCH01
_h1458
590 _aE6096MTM
_b05
_c20180118
_lUCH01
_h1459
590 _aE6096MTM
_b05
_c20180119
_lUCH01
_h1152
590 _aE6096MTM
_b05
_c20180119
_lUCH01
_h1152
590 _aE6096MTM
_b05
_c20180119
_lUCH01
_h1209
650 1 4 _aMovimientos sociales
_xMéxico.
_979173
650 1 4 _aSoberanía
_zMéxico.
_9134432
830 0 _aCuadernos de filosofía política
_v1
_929778
901 _aBK
942 _cLIBRO
942 _n0
999 _c110834
_d110834